Практическо ръководство по алергология (Запис номер 187162)
[ съкратено ]
| 000 -Лидер | |
|---|---|
| Контролно поле с фиксирана дължина | 01832nam a2200289 c 4500 |
| 003 - Код на организацията, давaща контролен номер | |
| Контролно поле | BLK |
| 005 - Дата и час на последна редакция | |
| Контролно поле | 20180422115523.0 |
| 008 - Елементи от данни с фиксирана дължина | |
| fixed length control field | 180411b bul|||||r ||||||| ||bul|| |
| 010 ## - Наследен системен номер | |
| LC control number | KNG00196169000 |
| 040 ## - Източник на каталожния запис | |
| Идентификатор на билиотеката - собственик на записа | BLK |
| 041 ## - Код за език | |
| Код за езика на текст/звукозапис или на отделно заглавие | Български |
| Код за езика КДБФ | Български |
| 080 ## - УДК | |
| Текстов определител УДК | Болести според телесната конструкция, състояние на здравето, предразположение, резистентност, конституция, склонности - десняци, леваци, изтощени от глад, кахексия, затлъстяване;инвалиди;болести причи |
| УДК код - определител по УДК | 616-056 |
| УДК определител | (02) |
| УДК - код + определител | 616-056(02) |
| 100 1# - Редна дума - Автор | |
| Автор | Божков, Божко Митев |
| Авторска отговорност | първи автор |
| R(LIN) | 374438 |
| 139 ## - Редно поле | |
| Редна дума | Божков, Божко Митев |
| Авторски знак | Божк - Б 57 |
| 245 10 - Сведения за заглавието | |
| Заглавие | Практическо ръководство по алергология |
| Редно поле (дума) | Божко Митев Божков. |
| 257 ## - Страна на издаване | |
| Страна на създаване/издаване | България |
| 260 ## - Област на издателските данни | |
| -- | София |
| Име на издателя, разпространителя и проч. | Медицина и физкултура |
| Година на издаване | 1983 |
| Печатница | Пловдив : Д. Благоев |
| 300 ## - Физическа характеристика | |
| Страници | 315 с. |
| Илюстрации и др. | с ил., 4 л. цв. ил. |
| Размери/Мащаб | 23 см |
| 380 ## - Жанр | |
| Жанр | Медицина |
| 500 ## - Общи забележки | |
| Забележка | Други авт. : М. Св. Бойкикева, Ст. М. Василева, Т. Н. Вълчева, К. Г. Гайтанджиев, В. Д. Димитров, Г. Б. Костурков, Ж. Ал. Милева, Б. Т. Мустаков, Сл. П. Славов, М. П. Станева-Стоянова, отбелязани на с. 5. - 3 105 тир. - Библиогр. след отд. гл. |
| 650 #4 - Допълнително описание по предмет – тема | |
| Основно описание – тема или топоним | Алергия и алергични болести - наръчници и ръководства |
| 9 (RLIN) | 273891 |
| 852 ## - Местоположение | |
| Форматна сигнатура | Цб 123128 |
| 856 4# - Електронен адрес и достъп | |
| Електронен формат | pdf - файл |
| Път до файла /url/ | |
| 856 4# - Електронен адрес и достъп | |
| Електронен формат | pdf - файл |
| Път до файла /url/ | |
| 942 ## - АРТИКУЛИ | |
| Вид на библиотечния материал | Книги |
| Скрит в OPAC | Не |
| 944 ## - СЪЗДАВАНЕ И РЕДАКЦИЯ на ЗАПИСА | |
| Създаване/Редакция | Създаване |
| Дата на регистрацията/редакция | 15.11.2016 |
| Служител, извършил регистрацията/редакцията | Грета_Цуфелде |
| 944 ## - СЪЗДАВАНЕ И РЕДАКЦИЯ на ЗАПИСА | |
| Създаване/Редакция | Редакция |
| Дата на регистрацията/редакция | 15.11.2016 |
| Служител, извършил регистрацията/редакцията | Грета_Цуфелде |
| 999 ## - СИСТЕМНИ КОНТРОЛНИ НОМЕРА | |
| Koha biblionumber | 187162 |
| Koha biblioitemnumber | 187162 |
| Код за отписване | Код за изгубен артикул | Източник на класификационната схема | Код за повреда | Коз за рестрикции | Код за отдаване | Артикулен № | Име на библиотеката - собственик | Име на библиотеката, в която се намира в момента | Статус (Текущо местоположение) | Дата на вписване в системата | Местоположение - отдел | Цена в лева | Инвентарен номер | Систематично азбучна сигнатура | Баркод | Номер на екземпляра | Цена в евро | Служебна бележка | Служебен тип на артикула |
|---|---|---|---|---|---|---|---|---|---|---|---|---|---|---|---|---|---|---|---|
| Не е изгубен | Universal Decimal Classification | Не е повреден | без рестрикции | ползва се в читалня | 326537 | Регионална библиотека "Любен Каравелов" Русе | Регионална библиотека "Любен Каравелов" Русе | Хранилище | 1983-01-01 | Хранилище | 3.67 | 384429 | Цб 123128 | 900000011239 | 1 | 1.88 | N: стар фонд Дата: 01.01.1983 | Книги | |
| Изтеглен | Не е изгубен | Universal Decimal Classification | Не е повреден | без рестрикции | заемане за дома | 326538 | Регионална библиотека "Любен Каравелов" Русе | Регионална библиотека "Любен Каравелов" Русе | Заемна - подръчен фонд | 1983-01-01 | Заемна - подръчен фонд | 3.67 | 387358 | П 616-056/Б 57 | 387358 | 2 | 1.88 | N: стар фонд Дата: 01.01.1983 Дата инв: 19.02.2018 Бележки инв: П2018 | Книги |
| Не е изгубен | Universal Decimal Classification | Не е повреден | без рестрикции | заемане за дома | 326539 | Регионална библиотека "Любен Каравелов" Русе | Регионална библиотека "Любен Каравелов" Русе | Заемна - подръчен фонд | 1983-01-01 | Заемна - подръчен фонд | 3.67 | 387359 | П 616-056/Б 57 | 120000387359 | 3 | 1.88 | N: стар фонд Дата: 01.01.1983 Дата инв: 05.02.2018 Бележки инв: П2018 | Книги |